A magyarországi tejipari kis- és középvállalkozások „Ipar 4.0” transzformációs lehetőségeinek vizsgálata egy vállalat példáján keresztül

Bibliographic Details
Main Author: Nagy Sándor
Other Authors: Németh Dr. János Pál
Format: Thesis
Kulcsszavak:4. Ipari forradalom
KKV
tejipar
Automatizáció
Online Access:http://dolgozattar.uni-bge.hu/22496

MARC

LEADER 00000nta a2200000 i 4500
001 dolg22496
005 20190516160009.0
008 190516suuuu hu om 000 hun d
040 |a BGE Dolgozattár Repozitórium  |b hun 
041 |a hu 
100 1 |a Nagy Sándor 
245 1 2 |a A magyarországi tejipari kis- és középvállalkozások „Ipar 4.0” transzformációs lehetőségeinek vizsgálata egy vállalat példáján keresztül  |c Nagy Sándor  |h [elektronikus dokumentum] 
246 1 1 |a A magyarországi tejipari kis- és középvállalkozások „Ipar 4.0” transzformációs lehetőségeinek vizsgálata egy vállalat példáján keresztül 
246 1 1 |a Examination of the Industry 4.0 transformation opporunities in the Hungarian SME diary sector based on one selected company 
520 3 |a Jelen dolgozatban a magyarországi tejipari kis- és középvállalkozások „Ipar 4.0” transzformációs lehetőségeit vizsgáltam egy vállalat példáján keresztül. Primer és szekunder kutatás után prioritássorrendet állítottam fel számbavéve a megvalósítható, és produktivitáshoz nagyrészben hozzájáruló lehetőségeket. 
695 |a 4. Ipari forradalom 
695 |a KKV 
695 |a tejipar 
695 |a Automatizáció 
700 1 |a Németh Dr. János Pál  |e ths 
856 4 0 |u http://dolgozattar.uni-bge.hu/22496/1/NagySandor_Szakdolgozat_BGE_2019_majus_v2.pdf  |z Dokumentum-elérés 
856 4 0 |u http://dolgozattar.uni-bge.hu/22496/7/Titkos%C3%ADt%C3%A1si%20k%C3%A9relem_NS.pdf  |z Dokumentum-elérés